LIBRARY & INFORMATION CENTRE, KCAET, TAVANUR

ONLINE PUBLIC ACCESS CATALOGUE (OPAC)

Generalised theory of electical machines / (Record no. 7167)

MARC details
000 -LEADER
fixed length control field 00530cam a2200217ua 4500
041 ## - LANGUAGE CODE
Language code of text/sound track or separate title eng
082 ## - DEWEY DECIMAL CLASSIFICATION NUMBER
Classification number 621.310 42
Item number BIM/GE
100 ## - MAIN ENTRY--AUTHOR NAME
Personal name Bimbhra, P S .
245 ## - TITLE STATEMENT
Title Generalised theory of electical machines /
250 ## - EDITION STATEMENT
Edition statement 5 /
260 ## - PUBLICATION, DISTRIBUTION, ETC. (IMPRINT)
Place of publication Delhi :
Name of publisher Khanna publishers ,
Year of publication 1996.
300 ## - PHYSICAL DESCRIPTION
Number of Pages 1151 ; .
500 ## - GENERAL NOTE
General note *CSS
942 ## - ADDED ENTRY ELEMENTS (KOHA)
Koha item type Books
Holdings
Withdrawn status Lost status Damaged status Home library Current library Shelving location Date acquired Full call number Accession Number Koha item type
      KAUAET KAUAET Scheme 06/09/2018 621.310 42 BIM/GE 19137 Book Bank scheme for SC students
      KAUAET KAUAET Scheme 06/09/2018 621.310 42 BIM/GE 19138 Book Bank scheme for SC students
      KAUAET KAUAET Scheme 06/09/2018 621.310 42 BIM/GE 19139 Book Bank scheme for SC students
free website counter